Mystery Taylor Swift Song #59 - Statistics

General Stats
  • This quiz has been taken 551 times
  • The average score is 72 of 147
Answer Stats
Song % Correct
I
94%
A
93%
Red
92%
red
92%
the
87%
You
87%
you"
87%
to
85%
me
80%
be
79%
all
78%
in
77%
it
77%
it"
77%
your
77%
And
76%
"He
75%
too"
75%
on
74%
my
72%
When
72%
do
71%
I'm
71%
"I'm
71%
is
71%
no
70%
that
70%
was
69%
who
69%
are
67%
so
67%
like
66%
knew
65%
by
64%
there
64%
of
63%
said
63%
As
61%
one
61%
they
61%
What
61%
But
60%
for
60%
say
60%
been
59%
know
57%
know?
57%
With
57%
here
56%
here"
56%
not
56%
how
55%
I've
55%
moment
54%
just
52%
you'd
52%
didn't
51%
dress
50%
Ooh
50%
thing
50%
right
49%
The Moment I Knew
49%
time
48%
down
47%
had
47%
should've
47%
would've
47%
"Baby
46%
happy
45%
"Happy
45%
lipstick
45%
Standing
45%
they're
45%
door
44%
party
44%
ask
42%
motion
42%
Now
42%
slow
42%
walk
42%
birthday
41%
got
41%
missing
41%
(missing
41%
missing)
41%
through
41%
he'd
40%
impress
40%
make
40%
most
40%
show?
40%
smile
40%
around
39%
eye
39%
singing
39%
sorry
39%
about
37%
back
37%
everyone
37%
friends
37%
front
37%
means
37%
always
36%
face
36%
felt
36%
laughing
36%
room
36%
there's
36%
tears
35%
wanna
35%
burst
34%
little
34%
looking
34%
something
34%
waiting
34%
called
33%
streaming
33%
try
33%
million
32%
pass
32%
seem
32%
stars
32%
alone
31%
later
31%
really
30%
asking
29%
hall
29%
hours
29%
People
29%
wrong
29%
bathroom
28%
shining
28%
memory
27%
ticking
27%
fall
26%
apart
25%
close
25%
lights
25%
aligned
24%
feeling
23%
follow
23%
sinking
23%
starts
23%
Christmas
22%
glisten
21%
comb
20%
hopelessly
20%
No matching quizzes found
Score Distribution
Percent of People with Each Score
Percentile by Number Answered
Your Score History
You have not taken this quiz